Statistics for 2023 AAC Football teams

Click here to take the quiz!

General Stats

  • This quiz has been taken 8 times
  • The average score is 11 of 13

Answer Stats

Answer% Correct
Memphis
100%
Navy
100%
SMU
100%
Temple
100%
Tulane
100%
East Carolina
83%
FAU
83%
Charlotte
67%
North Texas
67%
Rice
67%
South Florida
67%
UAB
67%
UTSA
67%

Score Distribution

Percentile by Number Answered

Percent of People with Each Score

Your Score History

You have not taken this quiz